[Event "North American-ch U20 Girls"]
[Site "Dulles"]
[Date "2023.12.21"]
[Round "6"]
[White "Zhu, Jenny"]
[Black "Qian, Ashley"]
[Result "1/2-1/2"]
[WhiteElo "1789"]
[BlackElo "1619"]
[PlyCount "139"]
[EventDate "2023.12.19"]
[EventType "swiss"]
[EventRounds "9"]
[EventCountry "USA"]
[SourceTitle "CB52_2023"]
[SourceDate "2023.12.27"]
[SourceVersion "1"]
[SourceVersionDate "2023.12.27"]
[SourceQuality "1"]

1. d4 d5 2. c4 e6 3. Nc3 Nf6 4. cxd5 exd5 5. Bg5 c6 6. Qc2 Be7 7. e3 Nbd7 8. Bd3 h6 9. Bh4 Nh5 10. Bxe7 Qxe7 11. Nge2 Nhf6 12. 0-0 0-0 13. Rae1 Re8 14. Ng3 Qd8 15. Qd2 Nf8 16. f3 Ne6 17. Bc2 c5 18. Bb3 cxd4 19. exd4 Bd7 20. Re5 Bc6 21. Nf5 Nd7 22. Ree1 Nf6 23. Bc2 h5 24. Qf2 Qb6 25. Na4 Qc7 26. Rd1 g6 27. Ng3 Kg7 28. Nc3 Re7 29. h3 Nf4 30. Nge2 Nxe2+ 31. Nxe2 Bb5 32. Bd3 Bxd3 33. Rxd3 Qc2 34. Nc1 Rc8 35. Rd2 Qc4 36. Nd3 Qxa2 37. Ne5 Rec7 38. g4 Rc1 39. Rxc1 Rxc1+ 40. Kg2 Qa4 41. Qe2 Qe8 42. g5 Nd7 43. f4 Nxe5 44. fxe5 Qe6 45. Qe3 Qf5 46. Rf2 Rc2 47. Rxc2 Qxc2+ 48. Kg3 Qxb2 49. e6 fxe6 50. Qe5+ Kh7 51. Qc7+ Kg8 52. Qd8+ Kh7 53. Qe7+ Kh8 54. Qf8+ Kh7 55. Qh6+ Kg8 56. Qxg6+ Kf8 57. Qf6+ Ke8 58. Qxe6+ Kf8 59. Qf6+ Ke8 60. Qh8+ Ke7 61. Qh7+ Ke6 62. Qg6+ Ke7 63. Qg7+ Ke8 64. Qg6+ Kf8 65. Qf6+ Ke8 66. g6 Qa3+ 67. Kg2 Qb2+ 68. Kg3 Qa3+ 69. Kg2 Qb2+ 70. Kg3 1/2-1/2

[Event "Wch U12 Girls"]
[Site "Weifang"]
[Date "2019.??.??"]
[Round "?"]
[White "Bayasgalan, Khishigbaatar"]
[Black "Zhu, Jenny"]
[Result "1-0"]
[WhiteElo "1643"]
[BlackElo "1516"]
[PlyCount "83"]
[EventDate "2019.08.21"]
[EventType "swiss"]
[EventRounds "11"]
[EventCountry "CHN"]
[SourceTitle "EXT 2020"]
[Source "ChessBase"]
[SourceDate "2019.10.17"]
[SourceVersion "1"]
[SourceVersionDate "2019.10.17"]
[SourceQuality "1"]

1. e4 c5 2. Nf3 Nc6 3. d4 cxd4 4. Nxd4 g6 5. c4 Nf6 6. Nc3 d6 7. Be2 Nxd4 8. Qxd4 Bg7 9. 0-0 0-0 10. Qd3 Be6 11. Be3 b6 12. Rac1 Rc8 13. b3 Nd7 14. Bd4 Ne5 15. Qd2 Nc6 16. Bxg7 Kxg7 17. f4 f5 18. Bd3 Qe8 19. exf5 Bxf5 20. Nd5 Qf7 21. Kh1 Bxd3 22. Qxd3 Qf5 23. Qc3+ Kg8 24. Rcd1 e5 25. Rf3 e4 26. Re3 Rce8 27. h3 Ne7 28. Nc7 Rc8 29. Nb5 Qxf4 30. Nxd6 Rcd8 31. c5 bxc5 32. Qc4+ Kg7 33. Rxe4 Qf6 34. Re6 Qg5 35. h4 Qh5 36. Rxe7+ Kh6 37. Qc1+ g5 38. Re6+ Kg7 39. Qxg5+ Qxg5 40. hxg5 Rf2 41. Nf5+ Rxf5 42. Rxd8 1-0

[Event "Wch U12 Girls"]
[Site "Weifang"]
[Date "2019.??.??"]
[Round "8"]
[White "Zakirova, Aisha"]
[Black "Zhu, Jenny"]
[Result "1/2-1/2"]
[WhiteElo "1595"]
[BlackElo "1516"]
[PlyCount "49"]
[EventDate "2019.08.21"]
[EventType "swiss"]
[EventRounds "11"]
[EventCountry "CHN"]
[SourceTitle "EXT 2020"]
[Source "ChessBase"]
[SourceDate "2019.10.17"]
[SourceVersion "1"]
[SourceVersionDate "2019.10.17"]
[SourceQuality "1"]

1. d4 d5 2. c4 c6 3. Nc3 Nf6 4. Nf3 e6 5. e3 Nbd7 6. Qc2 Bd6 7. Bd3 dxc4 8. Bxc4 0-0 9. 0-0 b5 10. Be2 Bb7 11. a3 a6 12. b4 a5 13. Rb1 axb4 14. axb4 Qe7 15. Qb3 Nd5 16. e4 Nxc3 17. Qxc3 Rfc8 18. e5 Bc7 19. Bg5 Qe8 20. Nd2 Nb6 21. Ne4 Nd5 22. Qh3 Ra2 23. Bd3 g6 24. Rb3 Rca8 25. Bb1 1/2-1/2